| 000 | 00662nam a2200229 i 4500 | ||
|---|---|---|---|
| 001 | 64590 | ||
| 003 | ES-MaACL | ||
| 005 | 20240509063054.0 | ||
| 007 | t| | ||
| 008 | 031230s1985 sp ||||1| spa d | ||
| 020 | _a8485887565 | ||
| 100 | 1 |
_aFontrodona, Linus. _951650 |
|
| 245 | 1 | 0 |
_aMáscaras de cobre martillado / _cLinus Fontrodona. |
| 250 | _a1ª ed. | ||
| 260 |
_aBarcelona : _bAnthropos, _c1985. |
||
| 300 |
_a73 p. ; _c20 cm. |
||
| 490 | 1 |
_aÁmbitos literarios. Narrativa ; _v18 |
|
| 830 | 0 | 0 |
_aÁmbitos literarios. _pNarrativa ; _v18 _9177289 |
| 852 |
_aES-MaACL _jL-10295 _bR.110818 _967016 |
||
| 942 | _2udc | ||
| 999 |
_c64590 _d64590 |
||